000 00452nam a22001697a 4500
003 NUST - PNEC
005 20170116180911.0
008 150903b xxu||||| |||| 00| 0 eng d
020 _a0023282606
040 _cLIBRARY
082 _a620.11 DEG
100 _97066
_a DeGarmo, E. Paul
245 _aMaterials and processes in manufacturing
_cE. Paul Degarmo
260 _cc.1974
650 _97071
_aManufacturing processes
_xME
942 _2ddc
_cBK
999 _c65279
_d65279